02354nam a2200325uu 4500001000800000005001700008008004100025020001800066035001200084040001300096041000800109082000800117100008500125245007300210250001700283260006800300300002400368500007400392505054700466520064201013650002801655650003501683650002801718650003201746700008701778700003801865700004401903700003701947700004401984132706620260508084216.0130509s2012 spa  a9789587413113 a1327066 ccomduadb aspa 4a15510aRusso de Sanchez, Ana Rita4aut0(isni)0000 0003 9965 25100(viaf)294621114eaut10aPsicoterapia infantil : la metáfora como técnica de devolución a1. edición aBarranquilla :bUniversidad del Norte ;bEcoe Ediciones,c2012. axvii, 175 páginas aGENERAL : El ejemplar 2 es cuarta (4) reimpresión de junio de 2015. aCONTENIDOS : Prólogo. -- Introducción. -- En el terreno de los simbolismos y las metáforas. -- Crear metáforas en el contexto psicoterapéutico. -- Metáforas y cuentos en el proceso psicoterapéutico con niños. -- El desarrollo psicoafectivo. Metáfora "El trencito". -- Estructuras e instancias psíquicas. Metáforas "Los carritos de colores" y "El molde". -- Conflictos y defensas. Metáforas "Las piedritas" y "La tienda de disfraces". -- Rivalidad fraterna. Metáfora "Las tacitas". -- Conclusiones. -- Bibliografía.3 aLa metáfora tiene un lugar propio en el campo de la psicoterapia y se constituye en un medio eficaz para adentrarse en el mundo infantil. A través del deslizar de un cuento o un relato es posible mostrar al niño, en forma indirecta, un contenido propio de su inconsciente que permita la tramitación de aquello que de manera directa generaría mucha angustia. En esta obra, de enfoque psicodinámico, se presentan una serie de metáforas utilizadas en el contesto psicoterapéutico y se toman como base del análisis los aportes realizados por Sigmund Freud y otros autores psicodinámicos respecto a los cuentos infantiles. aPsicoterapia en niños 7aPsicoanálisis infantil2lemb aPsicología dinámica aMetáforas en psicología10aGalindo Madero, Jorge Iván4aut0(isni)0000 0003 6605 31670(viaf)232799077eaut10aAcosta Mendoza, Doralis4clbeclb10aCuesta de la Hoz, Gina Isabel4clbeclb10aSalas Santrich, Sandra4clbeclb10aSiado Barraza, Darlys Cecilia4clbeclb